000 00282nam a22001337a 4500
082 _a894.812.3
_bRAS/M
100 _aRASHEED VENNIYUR
245 _aMANAZHI
246 _aMANAZHI
_bMANAZHI
260 _bMANDHARAM
300 _a167
650 _aMALAYALAM STORY,ARTICLES
942 _cBK
999 _c9188
_d9188